000 00383nam a2200145Ia 4500
003 GCL
008 140319s9999 xx 000 0 eng d
040 _aGCL /
_cGCL
082 0 4 _aREF
_b911
_bS A
100 1 _aSERRYN, PIERRE BLASSELLE
245 1 0 _aATLAS BORDOS POUR L'ECOLE /
_cSERRYN, PIERRE BLASSELLE
260 _a[S.N] :
_bBORDAS ،
_c1994
650 0 4 _aATLAS
942 _2ddc
_cBK
999 _c10901
_d10901